|
|
|
|
| LEADER |
00853nam a2200277 4500 |
| 001 |
DLU090078053 |
| 005 |
##20090608 |
| 040 |
# |
# |
|a DLU
|b eng
|
| 041 |
# |
# |
|a eng
|
| 044 |
# |
# |
|a JP
|
| 100 |
# |
# |
|a Pan, Shu-Yen.
|
| 245 |
# |
# |
|a Local theta correspondence of depth zero representations and theta dichotomy /
|c Shu-Yen Pan.
|
| 653 |
# |
# |
|a Depth of a representation
|
| 653 |
# |
# |
|a Local theta correspondence
|
| 653 |
# |
# |
|a Minimal K-types
|
| 653 |
# |
# |
|a Theta dichotomy
|
| 773 |
# |
# |
|t Journal of the Mathematical Society of Japan
|g Vol. 54, no. 4 (October 2002), p. 793-845
|
| 920 |
# |
# |
|a Phòng Tạp chí -- Trung tâm Thông tin - Thư viện Trường Đại học Đà Lạt
|
| 994 |
# |
# |
|a DLU
|
| 900 |
# |
# |
|a True
|
| 911 |
# |
# |
|a Trương Bảo Trâm Anh
|
| 925 |
# |
# |
|a G
|
| 926 |
# |
# |
|a A
|
| 927 |
# |
# |
|a BB
|
| 980 |
# |
# |
|a Thư viện Trường Đại học Đà Lạt
|